000 00917cam a22002773a 4500
001 8610
003 PGUSA
005 20140828083202.0
008 050801s2005||||xxu|||||s|||||000 1 eng d
040 _aPGUSA
_beng
042 _adc
050 4 _aPS
100 1 _aPyle, Howard,
_d1853-1911
245 1 0 _aHoward Pyle's Book of Pirates :
_bFiction, Fact and Fancy Concerning the Buccaneers and Marooners of the Spanish Main
_h[electronic resource] /
_cHoward Pyle
260 _bProject Gutenberg,
_c2005
506 _aCopyrighted. Read the copyright notice inside this book for details.
516 _aElectronic text
653 _aPirates -- Fiction
653 _aHistorical fiction, American
653 _aSea stories, American
653 _aSpanish Main -- Fiction
653 _aBuccaneers -- Fiction
830 0 _aProject Gutenberg
_v8610
856 4 0 _uhttp://www.gutenberg.org/ebooks/8610
942 _cAB
999 _c237910
_d237910